000 00402pab a2200157 454500
008 180718b1998 xxu||||| |||| 00| 0 eng d
100 _aChakravartty, Sumit
245 _aPakistan's nuclear weapons programme in retrospect
260 _c1998
300 _ap.12-14
362 _a13 Jun
650 _aNuclear weapons - Pakistan
650 _aNuclear weapons
773 _aMainstream
909 _a37732
999 _c37732
_d37732